000 005250000a22001930004500
005 20120302054001.0
942 _cBOOK
100 _a Bottomere,T.B.
245 _a Sociology: A guide to problems and literature
260 _aLondon:The English Language Book Society and George Allen and Unwin Ltd.,1964.
300 _a331p
490 _aUnwin University Books 13
040 _aENG
365 _bRs.
650 _aSociology
650 _aLiterature-Sociology
650 _aPopulation
650 _aSocial Institution
999 _c344365
_d344362